| 000 | 01170cam a2200325 a 4500 | ||
|---|---|---|---|
| 001 | 16445267 | ||
| 003 | EG-ScBUE | ||
| 005 | 20211206103623.0 | ||
| 008 | 100903s2011 enk f b 001 0 eng d | ||
| 020 | _a9780854881888 (Whitechapel Gallery) | ||
| 020 | _a9780262515672 (MIT Press pbk. : alk. paper) | ||
| 035 | _a(OCoLC)ocn663102416 | ||
| 040 |
_aDLC _beng _erda _cDLC _dYDX _dYDXCP _dMYG _dBWX _dDLC _dEG-ScBUE |
||
| 082 | 0 | 4 |
_a759.06 _bPAI _222 |
| 245 | 0 | 0 |
_aPainting / _cedited by Terry R. Myers. |
| 264 | 1 |
_aLondon : _bWhitechapel Gallery, _c2011. |
|
| 300 |
_a239 pages ; _c21 cm. |
||
| 336 |
_2rdacontent _atext _btxt |
||
| 337 |
_2rdamedia _aunmediated _bn |
||
| 338 |
_2rdacarrier _avolume _bnc |
||
| 490 | 0 | _aDocuments of contemporary art | |
| 504 | _aIncludes bibliographical references and index. | ||
| 650 | 7 |
_aPainting, Modern _y21st century _xThemes, motives. _2BUEsh |
|
| 653 |
_bART _cDecember2021 |
||
| 655 |
_vReading book _934232 |
||
| 700 | 1 |
_aMyers, Terry R., _eeditor. |
|
| 906 |
_a7 _bcbc _corignew _d1 _eecip _f20 _gy-gencatlg |
||
| 942 |
_2ddc _cBB |
||
| 999 |
_c29682 _d29653 |
||